Statistics for Billy Joel Songs by Lyrics

Click here to take the quiz!

General Stats

  • This quiz has been taken 80 times
  • The average score is 10 of 14

Answer Stats

QuestionAnswer% Correct
Now Paul is a real estate novelist Who never had time for a wifePiano Man
97%
I'd rather laugh with the sinners than cry with the saints The sinners are much more fun...Only the Good Die Young
93%
Buddy Holly, Ben-Hur, Space Monkey, Mafia Hula Hoops, Castro, Edsel is a no-goWe Didn't Start the Fire
92%
She's been living in her white bread world As long as anyone with hot blood canUptown Girl
91%
She will promise you more Than the Garden of EdenShe's Always a Woman
89%
Through the valley of fear To a river so deepRiver of Dreams
84%
You always have my unspoken passion Although I might not seem to careJust the Way You Are
80%
Out in Bethlehem they're killing time Filling out formsAllentown
72%
And if that's what you have in mind Yeah, if that's what you're all aboutMovin' Out
72%
It's good information from a man Who's made mistakesTell Her About It
65%
When I'm deep inside of me Don't be too concernedHonesty
55%
Tell me how much do you think you can take Until the heart in you is starting to break?I Go to Extremes
51%
And your Peter Pan advice You have no scars on your facePressure
50%
I've been stranded in the combat zone I walked through Bedford Stuy aloneYou May Be Right
50%

Score Distribution

Percentile by Number Answered

Percent of People with Each Score

Your Score History

You have not taken this quiz